[Event "Gibtelecom Festival 2010 - Masters"]
[Site "Gibraltar ENG"]
[Date "2010.01.30"]
[Round "5.68"]
[White "Urbina Perez, Juan Antonio"]
[Black "De Lillo, Michele"]
[Result "1-0"]
[WhiteElo "2197"]
[BlackElo "1934"]
[PlyCount "85"]
[EventDate "2010.01.26"]
[EventType "swiss"]
[EventRounds "10"]
[EventCountry "ENG"]
[Source "lmi"]
[SourceDate "2010.01.26"]

1. e4 e6 2. d4 d5 3. Nd2 dxe4 4. Nxe4 Bd7 5. Nf3 Bc6 6. Bd3 Nf6 7. Nxf6+ gxf6
8. Qe2 Be7 9. Bf4 Bxf3 10. Qxf3 c6 11. c3 Nd7 12. O-O f5 13. Rfe1 Nf6 14. Be5
Qd5 15. Qxd5 cxd5 16. Bxf5 Kd7 17. Bd3 a6 18. h3 h5 19. f4 Rhg8 20. f5 h4 21.
fxe6+ fxe6 22. Rf1 Raf8 23. Rf3 Ke8 24. Raf1 Nd7 25. Rxf8+ Rxf8 26. Rxf8+ Kxf8
27. Bf4 Kf7 28. Kf2 Kf6 29. g4 e5 30. g5+ Ke6 31. dxe5 Nxe5 32. Bc2 Bc5+ 33.
Ke2 Bf8 34. b3 Bg7 35. Bd2 Nc6 36. Be1 Ke5 37. Bxh4 Kf4 38. Kd2 Ne5 39. Bd1
Nf3+ 40. Bxf3 Kxf3 41. Kd3 Kg2 42. g6 Kf3 43. Bg5 1-0

[Event "Gibtelecom Festival 2010 - Masters"]
[Site "Gibraltar ENG"]
[Date "2010.01.30"]
[Round "5.69"]
[White "Pereira, Johnharry"]
[Black "Byron, Alan M"]
[Result "0-1"]
[WhiteElo "1892"]
[BlackElo "2196"]
[PlyCount "102"]
[EventDate "2010.01.26"]
[EventType "swiss"]
[EventRounds "10"]
[EventCountry "ENG"]
[Source "lmi"]
[SourceDate "2010.01.26"]

1. d4 d5 2. c4 c6 3. Nc3 e6 4. Nf3 dxc4 5. a4 Bb4 6. e4 b5 7. Be2 Bb7 8. O-O a6
9. Bg5 Be7 10. Bf4 Nf6 11. Bg5 O-O 12. e5 Nd5 13. Bxe7 Qxe7 14. Ne4 Nd7 15. Qc2
f5 16. Nd6 N7b6 17. Ne1 Nc8 18. Nxc8 Raxc8 19. b3 cxb3 20. Qxb3 Nb6 21. Nd3
Nxa4 22. Rxa4 bxa4 23. Qxa4 c5 24. dxc5 Be4 25. Qxa6 Rc6 26. Qb5 Rfc8 27. Qb3
Qg5 28. g3 Qe7 29. Nf4 Rxc5 30. Qxe6+ Qxe6 31. Nxe6 Rxe5 32. Ng5 Rc2 33. Bd1
Rb2 34. Nxe4 Rxe4 35. Bf3 Rd4 36. h3 g5 37. g4 Rd3 38. Kg2 f4 39. Be4 Rd4 40.
Re1 Rdd2 41. Rf1 Kg7 42. Kg1 Rb3 43. Kg2 Rd4 44. Re1 Rb2 45. Bf5 Rdd2 46. Rf1
h6 47. Kg1 Kf6 48. Be4 Ke5 49. Ba8 Kd4 50. Re1 Rxf2 51. Re6 Rfc2 0-1

[Event "Gibtelecom Festival 2010 - Masters"]
[Site "Gibraltar ENG"]
[Date "2010.01.30"]
[Round "5.73"]
[White "Haarr, Jon Kristian"]
[Black "Fox, Pierre"]
[Result "1-0"]
[WhiteElo "2157"]
[BlackElo "1788"]
[PlyCount "41"]
[EventDate "2010.01.26"]
[EventType "swiss"]
[EventRounds "10"]
[EventCountry "ENG"]
[Source "lmi"]
[SourceDate "2010.01.26"]

1. e4 e5 2. f4 exf4 3. Bc4 Nf6 4. Nc3 Bb4 5. Nge2 Qe7 6. d3 d6 7. O-O Nc6 8.
Bxf4 Bg4 9. Bg5 Bc5+ 10. Kh1 Qe5 11. Bxf6 gxf6 12. Nd5 O-O-O 13. Nxf6 Be6 14.
Bb5 Ne7 15. d4 Qg5 16. dxc5 dxc5 17. Qc1 Rd2 18. Nf4 Rhd8 19. Bd3 Qxf6 20. Qxd2
c4 21. Nd5 1-0

[Event "Gibtelecom Festival 2010 - Masters"]
[Site "Gibraltar ENG"]
[Date "2010.01.30"]
[Round "5.74"]
[White "Valhondo Morales, Ruben"]
[Black "Royset, Paal"]
[Result "1-0"]
[WhiteElo "1762"]
[BlackElo "2279"]
[PlyCount "69"]
[EventDate "2010.01.26"]
[EventType "swiss"]
[EventRounds "10"]
[EventCountry "ENG"]
[Source "lmi"]
[SourceDate "2010.01.26"]

1. e4 c5 2. Nf3 Nc6 3. d4 cxd4 4. Nxd4 Nf6 5. Nc3 e6 6. Be2 d6 7. f4 Be7 8. Be3
a6 9. Qd2 Qc7 10. O-O-O Bd7 11. g4 b5 12. g5 b4 13. Ncb5 axb5 14. Nxb5 Qb8 15.
gxf6 gxf6 16. Nxd6+ Bxd6 17. Qxd6 Qb7 18. Kb1 O-O-O 19. Qc5 Kb8 20. Rd6 Rc8 21.
Rhd1 Rc7 22. Qb6 Bc8 23. Bb5 Ne7 24. Qa5 Qxe4 25. R6d3 Nd5 26. Bc6 Bb7 27. Qa7+
Kc8 28. Bxb7+ Rxb7 29. Qa8+ Kc7 30. Qxh8 Nxe3 31. Qd8+ Kc6 32. Qd6+ Kb5 33. Re1
Rb6 34. Rdxe3 Qxe3 35. Qd7+ 1-0

[Event "Gibtelecom Festival 2010 - Masters"]
[Site "Gibraltar ENG"]
[Date "2010.01.30"]
[Round "5.75"]
[White "Getz, Nicolai"]
[Black "Brown, Thomas"]
[Result "1-0"]
[WhiteElo "2280"]
[BlackElo "2064"]
[PlyCount "59"]
[EventDate "2010.01.26"]
[EventType "swiss"]
[EventRounds "10"]
[EventCountry "ENG"]
[Source "lmi"]
[SourceDate "2010.01.26"]

1. e4 c6 2. d3 d6 3. g3 Nf6 4. Bg2 e5 5. Nd2 Nbd7 6. Ngf3 Be7 7. O-O O-O 8. Nc4
Re8 9. Re1 Bf8 10. b3 Qc7 11. Bb2 b5 12. Ne3 Bb7 13. c4 bxc4 14. Nxc4 c5 15.
Rc1 a5 16. Qd2 Nb8 17. Nh4 g6 18. f4 Bh6 19. Qf2 Nc6 20. Rcd1 Ba6 21. Bh3 Bxc4
22. fxe5 Nxe5 23. dxc4 Nfg4 24. Qe2 Ne3 25. Bc1 Nxd1 26. Bxh6 Nc3 27. Qc2 Nxa2
28. Qxa2 f5 29. exf5 Nd3 30. Rf1 1-0

[Event "Gibtelecom Festival 2010 - Masters"]
[Site "Gibraltar ENG"]
[Date "2010.01.30"]
[Round "5.76"]
[White "Fokin, Sergey"]
[Black "Schuetze, Norman"]
[Result "1-0"]
[WhiteElo "2109"]
[BlackElo "2269"]
[PlyCount "61"]
[EventDate "2010.01.26"]
[EventType "swiss"]
[EventRounds "10"]
[EventCountry "ENG"]
[Source "lmi"]
[SourceDate "2010.01.26"]

1. Nf3 g6 2. c4 Bg7 3. Nc3 e5 4. g3 Nc6 5. Bg2 f5 6. d3 Nf6 7. O-O O-O 8. Rb1
d6 9. b4 f4 10. b5 Ne7 11. Qb3 Kh8 12. c5 Nf5 13. cxd6 cxd6 14. gxf4 Nh5 15.
fxe5 Nh4 16. exd6 Nxg2 17. Kxg2 Qd7 18. Ne4 Qh3+ 19. Kg1 Be6 20. Qd1 h6 21. Ng3
Nf6 22. Ne5 Kh7 23. d4 Nd5 24. Qd3 Bxe5 25. dxe5 Rf4 26. f3 h5 27. Rf2 h4 28.
Ne4 Kh8 29. Ng5 Rg4+ 30. fxg4 Qxg4+ 31. Rg2 1-0

[Event "Gibtelecom Festival 2010 - Masters"]
[Site "Gibraltar ENG"]
[Date "2010.01.30"]
[Round "5.79"]
[White "Obiamiwe, Paul"]
[Black "Lacrosse, Marc"]
[Result "1/2-1/2"]
[WhiteElo "2046"]
[BlackElo "2220"]
[PlyCount "55"]
[EventDate "2010.01.26"]
[EventType "swiss"]
[EventRounds "10"]
[EventCountry "ENG"]
[Source "lmi"]
[SourceDate "2010.01.26"]

1. e4 e5 2. Nf3 Nc6 3. Bb5 a6 4. Ba4 Nf6 5. O-O Nxe4 6. d4 b5 7. Bb3 d5 8. dxe5
Be6 9. Nbd2 Be7 10. c3 O-O 11. Bc2 f5 12. Nd4 Nxd4 13. cxd4 c5 14. dxc5 Bxc5
15. Nb3 Bb6 16. Nd4 Qd7 17. Bb3 Rfd8 18. Be3 Nc5 19. Bc2 Rac8 20. Rc1 a5 21.
Qe2 b4 22. Qb5 Qxb5 23. Nxb5 g6 24. Nd4 Kf7 25. Nb5 Kg8 26. Nd4 Kf7 27. Nb5 Kg8
28. Nd4 1/2-1/2

[Event "Gibtelecom Festival 2010 - Masters"]
[Site "Gibraltar ENG"]
[Date "2010.01.30"]
[Round "5.80"]
[White "Bryn, Askild"]
[Black "Kandic, Milan"]
[Result "1-0"]
[WhiteElo "2036"]
[BlackElo "2216"]
[PlyCount "111"]
[EventDate "2010.01.26"]
[EventType "swiss"]
[EventRounds "10"]
[EventCountry "ENG"]
[Source "lmi"]
[SourceDate "2010.01.26"]

1. e4 e5 2. Nf3 d6 3. d4 Nd7 4. Bc4 c6 5. O-O Be7 6. c3 b5 7. Bb3 Rb8 8. Be3 a6
9. Nbd2 Ngf6 10. h3 O-O 11. Re1 Qc7 12. Bc2 Re8 13. Nf1 Nf8 14. Ng3 Ng6 15. Qd2
Bf8 16. Bg5 Nd7 17. Rad1 h6 18. Be3 Nf6 19. Nf5 Be6 20. Bb1 Qa5 21. b3 Rbd8 22.
Qc2 c5 23. d5 Bc8 24. Qd2 Nh7 25. Kh2 Ne7 26. g4 Kh8 27. h4 g6 28. Bxh6 gxf5
29. exf5 Bxh6 30. Qxh6 Ng8 31. Qe3 Ngf6 32. Rg1 e4 33. Ng5 Nxg5 34. hxg5 Nxg4+
35. Rxg4 Bxf5 36. Rh4+ Kg7 37. Qf4 Re5 38. f3 Rh8 39. Rxh8 Kxh8 40. fxe4 Qxc3
41. exf5 Re2+ 42. Kg1 Re1+ 43. Rxe1 Qxe1+ 44. Qf1 Qg3+ 45. Kh1 Qh4+ 46. Kg2
Qxg5+ 47. Kh2 Qd2+ 48. Qg2 Qf4+ 49. Qg3 Qd2+ 50. Kh3 Qxd5 51. Qh4+ Kg8 52. Qg5+
Kh8 53. Qd8+ Kg7 54. f6+ Kh6 55. Qh8+ Kg5 56. Qh4# 1-0

[Event "Gibtelecom Festival 2010 - Masters"]
[Site "Gibraltar ENG"]
[Date "2010.01.30"]
[Round "5.81"]
[White "Lombart, Philippe"]
[Black "Ashby, Anthony C"]
[Result "1-0"]
[WhiteElo "1996"]
[BlackElo "2178"]
[PlyCount "57"]
[EventDate "2010.01.26"]
[EventType "swiss"]
[EventRounds "10"]
[EventCountry "ENG"]
[Source "lmi"]
[SourceDate "2010.01.26"]

1. d4 g6 2. c4 f5 3. Nc3 Nf6 4. g3 Bg7 5. Bg2 d6 6. Nh3 Nc6 7. O-O O-O 8. Rb1
Ng4 9. e3 e5 10. Ne2 e4 11. b4 a5 12. b5 Ne7 13. Nef4 h6 14. c5 Nf6 15. Ba3 d5
16. c6 Kh7 17. cxb7 Bxb7 18. Ne6 Qd7 19. Nxf8+ Bxf8 20. Qc2 g5 21. f3 exf3 22.
Bxe7 Bxe7 23. Rxf3 Ne4 24. Rff1 Rf8 25. Nf2 Nxf2 26. Rxf2 Kg7 27. a4 Bd6 28.
Rbf1 Qe6 29. Rxf5 1-0

[Event "Gibtelecom Festival 2010 - Masters"]
[Site "Gibraltar ENG"]
[Date "2010.01.30"]
[Round "5.82"]
[White "Spanton, Tim R"]
[Black "Lasinskas, Povilas"]
[Result "0-1"]
[WhiteElo "2035"]
[BlackElo "2174"]
[PlyCount "98"]
[EventDate "2010.01.26"]
[EventType "swiss"]
[EventRounds "10"]
[EventCountry "ENG"]
[Source "lmi"]
[SourceDate "2010.01.26"]

1. e4 e5 2. Nf3 Nc6 3. Bb5 a6 4. Bxc6 dxc6 5. Nc3 f6 6. d4 exd4 7. Qxd4 Qxd4 8.
Nxd4 Bd6 9. Be3 Bd7 10. O-O-O Ne7 11. Nb3 Ng6 12. Nc5 Bc8 13. Nd3 b6 14. a3 a5
15. Ne2 O-O 16. Ndf4 Ba6 17. Nxg6 hxg6 18. Rd2 Rfe8 19. Nc3 b5 20. f3 b4 21.
Nb1 f5 22. axb4 axb4 23. e5 Rxe5 24. Bf4 Re6 25. Bxd6 cxd6 26. Rhd1 d5 27. Rd4
Rb8 28. Nd2 Re2 29. Rg1 Rbe8 30. Kd1 Rf2 31. Nb3 Ree2 32. Rd2 Rxd2+ 33. Nxd2 c5
34. Nb3 c4 35. Nd4 c3 36. bxc3 bxc3 37. Ne6 Kf7 38. Nf4 Bb5 39. Kc1 Ba4 40.
Nxd5 Rxc2+ 41. Kb1 g5 42. Ne3 Re2 43. Nd5 Rb2+ 44. Kc1 Bb3 45. Nb4 Bc4 46. Nc6
Ba2 47. Rd1 Rb1+ 48. Kc2 Bb3+ 49. Kxb1 c2+ 0-1

[Event "Gibtelecom Festival 2010 - Masters"]
[Site "Gibraltar ENG"]
[Date "2010.01.30"]
[Round "5.83"]
[White "Hughes, Roy"]
[Black "Bindrich, Oswald"]
[Result "1-0"]
[WhiteElo "1976"]
[BlackElo "2173"]
[PlyCount "53"]
[EventDate "2010.01.26"]
[EventType "swiss"]
[EventRounds "10"]
[EventCountry "ENG"]
[Source "lmi"]
[SourceDate "2010.01.26"]

1. e4 c5 2. Nc3 d6 3. f4 a6 4. Nf3 e6 5. g3 Nc6 6. Bg2 Qc7 7. d3 Nf6 8. O-O Be7
9. Ne2 Bd7 10. h3 h6 11. c3 O-O 12. Qc2 Rac8 13. Be3 e5 14. Rae1 Rfe8 15. g4
Bf8 16. f5 d5 17. Ng3 c4 18. dxc4 dxc4 19. Rd1 Na5 20. Kh1 b5 21. g5 hxg5 22.
Nxg5 Nb7 23. Qe2 Be7 24. Nh5 Kf8 25. Nxf6 Bxf6 26. Qh5 Bxg5 27. Qh8+ 1-0

[Event "Gibtelecom Festival 2010 - Masters"]
[Site "Gibraltar ENG"]
[Date "2010.01.30"]
[Round "5.84"]
[White "Byrn, Carsten"]
[Black "Zanetti, Bruno"]
[Result "1-0"]
[WhiteElo "2171"]
[BlackElo "1978"]
[PlyCount "55"]
[EventDate "2010.01.26"]
[EventType "swiss"]
[EventRounds "10"]
[EventCountry "ENG"]
[Source "lmi"]
[SourceDate "2010.01.26"]

1. d4 d5 2. c4 c6 3. Nf3 e6 4. Nc3 f5 5. Bf4 Bd6 6. e3 Nf6 7. Bd3 Ne4 8. Qc2
Na6 9. a3 Nc7 10. Bxd6 Qxd6 11. c5 Qe7 12. Ne5 Bd7 13. O-O Nxc3 14. Qxc3 g5 15.
f4 g4 16. b4 a6 17. g3 Qg7 18. Rfb1 h5 19. Bf1 h4 20. Bg2 Qh6 21. Kf2 h3 22.
Bf1 Ke7 23. a4 Rhb8 24. b5 axb5 25. axb5 Rxa1 26. Rxa1 Nxb5 27. Bxb5 cxb5 28.
Qa5 1-0

[Event "Gibtelecom Festival 2010 - Masters"]
[Site "Gibraltar ENG"]
[Date "2010.01.30"]
[Round "5.85"]
[White "Molina, Antonio"]
[Black "Young, Mel J"]
[Result "1-0"]
[WhiteElo "2148"]
[BlackElo "1971"]
[PlyCount "73"]
[EventDate "2010.01.26"]
[EventType "swiss"]
[EventRounds "10"]
[EventCountry "ENG"]
[Source "lmi"]
[SourceDate "2010.01.26"]

1. d4 c5 2. d5 Nf6 3. c4 b5 4. cxb5 a6 5. bxa6 g6 6. g3 Bxa6 7. Bg2 d6 8. Nf3
Bg7 9. O-O O-O 10. Nc3 Nbd7 11. Qc2 Qb6 12. Rb1 Rfb8 13. b3 Qa5 14. Bd2 Qd8 15.
Rfd1 Ng4 16. h3 Nge5 17. Nh2 Nf6 18. Bf4 Ned7 19. g4 Qa5 20. a4 Nxg4 21. Nxg4
Qxc3 22. Qe4 Bf6 23. Bd2 Qd4 24. Qf3 Ne5 25. Nxf6+ exf6 26. Qg3 c4 27. Bc3 Qb6
28. b4 Bc8 29. a5 Qa6 30. Be4 Bd7 31. f4 Ba4 32. fxe5 Bxd1 33. Rxd1 fxe5 34.
Bc2 Qa7+ 35. Kg2 Qd7 36. e4 Rf8 37. Rf1 1-0

[Event "Gibtelecom Festival 2010 - Masters"]
[Site "Gibraltar ENG"]
[Date "2010.01.30"]
[Round "5.87"]
[White "Osuna Vega, Enrique"]
[Black "Green, Per"]
[Result "1-0"]
[WhiteElo "2128"]
[BlackElo "1970"]
[PlyCount "114"]
[EventDate "2010.01.26"]
[EventType "swiss"]
[EventRounds "10"]
[EventCountry "ENG"]
[Source "lmi"]
[SourceDate "2010.01.26"]

1. e4 e6 2. d4 d5 3. Nc3 Bb4 4. Nge2 dxe4 5. a3 Bxc3+ 6. Nxc3 Nc6 7. Bb5 Nf6 8.
Bg5 h6 9. Bxf6 Qxf6 10. Bxc6+ bxc6 11. Nxe4 Qf5 12. Nc5 O-O 13. O-O e5 14. dxe5
Qxe5 15. b4 Qf4 16. c3 Bf5 17. Qc1 Qc4 18. Re1 Rfe8 19. Qd2 Rad8 20. Rxe8+ Rxe8
21. Re1 Rxe1+ 22. Qxe1 Kh7 23. h3 Qf4 24. Nb3 Be6 25. Qd2 Qe5 26. Nd4 Bd5 27.
Qd3+ g6 28. c4 Qe1+ 29. Kh2 Qe5+ 30. g3 Be4 31. Qe3 Qf6 32. f4 Bb1 33. Qe5 Qxe5
34. fxe5 Be4 35. e6 fxe6 36. Nxe6 Kg8 37. Nxc7 Kf7 38. Na6 Ke7 39. Nc5 Bf3 40.
Nb3 Kd6 41. Kg1 Be2 42. Nd2 Ke5 43. Kf2 Bd3 44. Ke3 Bf5 45. g4 Bd7 46. Nf3+ Kd6
47. Kf4 Be8 48. Nd2 h5 49. gxh5 gxh5 50. h4 Ke6 51. Ke4 Kf6 52. Kf4 Bf7 53.
Ne4+ Ke7 54. c5 Bg6 55. Ke5 a6 56. Nd6 Bd3 57. Ne4 Bb5 1-0

[Event "Gibtelecom Festival 2010 - Masters"]
[Site "Gibraltar ENG"]
[Date "2010.01.30"]
[Round "5.88"]
[White "Helin, Mikael"]
[Black "Fox, Anthony"]
[Result "0-1"]
[WhiteElo "1972"]
[BlackElo "2113"]
[PlyCount "76"]
[EventDate "2010.01.26"]
[EventType "swiss"]
[EventRounds "10"]
[EventCountry "ENG"]
[Source "lmi"]
[SourceDate "2010.01.26"]

1. e4 e5 2. Nc3 Nf6 3. Bc4 Nc6 4. f4 Nxe4 5. Nf3 Nxc3 6. dxc3 Qe7 7. b4 d6 8.
O-O Be6 9. Bb5 e4 10. Ng5 f5 11. Be3 a6 12. Ba4 Qd7 13. Bb3 Bxb3 14. axb3 Be7
15. b5 Nd8 16. Qd5 c6 17. bxc6 bxc6 18. Qd1 O-O 19. h4 h6 20. Kf2 Bf6 21. Qe2
a5 22. Rad1 d5 23. Bc5 Be7 24. Bd4 Ne6 25. Be5 Bd6 26. Kg3 Bxe5 27. fxe5 hxg5
28. hxg5 Nxg5 29. Qh5 f4+ 30. Kf2 Qf5 31. Rh1 e3+ 32. Kg1 f3 33. gxf3 Nxf3+ 34.
Kg2 Qxh5 35. Rxh5 e2 36. Rdh1 e1=Q 37. Rh8+ Kf7 38. Kxf3 Qe4+ 0-1

[Event "Gibtelecom Festival 2010 - Masters"]
[Site "Gibraltar ENG"]
[Date "2010.01.30"]
[Round "5.90"]
[White "Doubleday, William G"]
[Black "Winkler, Stefan"]
[Result "1-0"]
[WhiteElo "2115"]
[BlackElo "1916"]
[PlyCount "73"]
[EventDate "2010.01.26"]
[EventType "swiss"]
[EventRounds "10"]
[EventCountry "ENG"]
[Source "lmi"]
[SourceDate "2010.01.26"]

1. d4 e6 2. c4 Bb4+ 3. Bd2 a5 4. a3 Bxd2+ 5. Qxd2 Nf6 6. Nc3 O-O 7. Nf3 d5 8.
e3 Ne4 9. Qc2 f5 10. Be2 c6 11. Ne5 Nd7 12. Nxd7 Bxd7 13. g3 g5 14. f3 Nd6 15.
c5 Nf7 16. f4 Qf6 17. O-O-O Kh8 18. Na4 Ra7 19. Nb6 Be8 20. Qd2 Qd8 21. Qe1 Nd6
22. fxg5 Ne4 23. h4 Qc7 24. Rg1 Bf7 25. Bf3 Nd6 26. g4 Nc8 27. gxf5 exf5 28. h5
Rg8 29. g6 Be6 30. Qh4 Qe7 31. Qf4 Qf6 32. g7+ Rxg7 33. Nxc8 Ra8 34. Rxg7 Qxg7
35. Nd6 Rg8 36. Rd2 Qg3 37. Qxg3 1-0

[Event "Gibtelecom Festival 2010 - Masters"]
[Site "Gibraltar ENG"]
[Date "2010.01.30"]
[Round "5.91"]
[White "Lochte, Szilvia"]
[Black "Sommerhalder, Eric"]
[Result "1-0"]
[WhiteElo "2032"]
[BlackElo "1899"]
[PlyCount "51"]
[EventDate "2010.01.26"]
[EventType "swiss"]
[EventRounds "10"]
[EventCountry "ENG"]
[Source "lmi"]
[SourceDate "2010.01.26"]

1. e4 c5 2. Nc3 d6 3. f4 g6 4. g3 Bg7 5. Bg2 Nc6 6. d3 e6 7. Nf3 Nge7 8. O-O
O-O 9. Be3 Rb8 10. d4 cxd4 11. Nxd4 Qb6 12. Na4 Qa5 13. Nc3 Rd8 14. Nb3 Qc7 15.
Nb5 Qd7 16. c3 a6 17. N5d4 d5 18. e5 Nxd4 19. Nxd4 b5 20. Qd2 a5 21. Rac1 Ba6
22. Nb3 b4 23. Rfd1 bxc3 24. Qxc3 a4 25. Nc5 Qb5 26. Bf1 1-0

[Event "Gibtelecom Festival 2010 - Masters"]
[Site "Gibraltar ENG"]
[Date "2010.01.30"]
[Round "5.93"]
[White "Bishop, Geoffrey L"]
[Black "Odeh, Kenneth"]
[Result "1-0"]
[WhiteElo "1851"]
[BlackElo "2012"]
[PlyCount "49"]
[EventDate "2010.01.26"]
[EventType "swiss"]
[EventRounds "10"]
[EventCountry "ENG"]
[Source "lmi"]
[SourceDate "2010.01.26"]

1. e4 c5 2. Nf3 Nc6 3. d4 cxd4 4. Nxd4 e5 5. Nb5 d6 6. Be3 Nf6 7. Nd2 Ng4 8.
Nc4 Nxe3 9. fxe3 d5 10. exd5 a6 11. Qf3 Nb4 12. Nxe5 f6 13. Qh5+ g6 14. Nxg6
hxg6 15. Qxh8 Nxc2+ 16. Kf2 Qe7 17. Nc7+ Kd8 18. Ne6+ Bxe6 19. dxe6 Nxa1 20.
Bc4 Rc8 21. Rd1+ Ke8 22. Rd7 Qc5 23. Bd3 Qg5 24. Qh7 Bg7 25. Bxg6+ 1-0

[Event "Gibtelecom Festival 2010 - Masters"]
[Site "Gibraltar ENG"]
[Date "2010.01.30"]
[Round "5.94"]
[White "Yarur Elsaca, Daniel"]
[Black "Stanek, Stanislav"]
[Result "0-1"]
[WhiteElo "1815"]
[BlackElo "2007"]
[PlyCount "74"]
[EventDate "2010.01.26"]
[EventType "swiss"]
[EventRounds "10"]
[EventCountry "ENG"]
[Source "lmi"]
[SourceDate "2010.01.26"]

1. e4 e5 2. f4 d6 3. Nf3 exf4 4. d4 g5 5. h4 g4 6. Ng5 f6 7. Nxh7 Rxh7 8. Bc4
Ne7 9. Bxf4 f5 10. Nc3 Ng6 11. Bg5 Be7 12. Bxe7 Qxe7 13. g3 c6 14. h5 Qg5 15.
Qe2 f4 16. Bf7+ Rxf7 17. hxg6 Qxg6 18. Rh8+ Kd7 19. gxf4 Qg7 20. Rh4 Rxf4 21.
O-O-O Kc7 22. Rdh1 Rf7 23. e5 Qg5+ 24. Kb1 dxe5 25. dxe5 Be6 26. Rh6 Qe7 27.
Ne4 Nd7 28. Rxe6 Qxe6 29. Ng5 Qxe5 30. Qd2 Re7 31. Rd1 Rg8 32. a3 Rxg5 33. Qd3
g3 34. a4 g2 35. Rg1 Qe1+ 36. Rxe1 Rxe1+ 37. Ka2 g1=Q 0-1

[Event "Gibtelecom Festival 2010 - Masters"]
[Site "Gibraltar ENG"]
[Date "2010.01.30"]
[Round "5.96"]
[White "Kuenitz, Klaus"]
[Black "Marder, Simon"]
[Result "0-1"]
[WhiteElo "1755"]
[BlackElo "1993"]
[PlyCount "30"]
[EventDate "2010.01.26"]
[EventType "swiss"]
[EventRounds "10"]
[EventCountry "ENG"]
[Source "lmi"]
[SourceDate "2010.01.26"]

1. d4 d5 2. c4 e5 3. dxe5 d4 4. Nf3 Nc6 5. g3 Nge7 6. Bg2 Ng6 7. O-O Ngxe5 8.
Nbd2 Be7 9. Nb3 Nxf3+ 10. Bxf3 Bf6 11. Nc5 O-O 12. Qb3 Qe7 13. Nxb7 Ne5 14. Bg2
Rb8 15. Bf4 c5 0-1

[Event "Gibtelecom Festival 2010 - Masters"]
[Site "Gibraltar ENG"]
[Date "2010.01.30"]
[Round "5.97"]
[White "Mikalsen, Erlend"]
[Black "Gates, David"]
[Result "1-0"]
[WhiteElo "1973"]
[BlackElo "1702"]
[PlyCount "101"]
[EventDate "2010.01.26"]
[EventType "swiss"]
[EventRounds "10"]
[EventCountry "ENG"]
[Source "lmi"]
[SourceDate "2010.01.26"]

1. e4 c6 2. Nc3 d5 3. d4 dxe4 4. Nxe4 Bf5 5. Ng3 Bg6 6. h4 h6 7. h5 Bh7 8. Nf3
Nd7 9. Bd3 Bxd3 10. Qxd3 e6 11. Bf4 Ngf6 12. O-O-O Ng4 13. Qe2 Qa5 14. Kb1 Qb5
15. c4 Qb6 16. Nh4 Ngf6 17. d5 cxd5 18. cxd5 Bc5 19. Ngf5 O-O 20. dxe6 fxe6 21.
Ne3 Ne4 22. Qg4 Bd4 23. Nc4 Qc5 24. Qxe6+ Rf7 25. Qxe4 Bxf2 26. Ng6 Nf6 27. Qe6
Re8 28. Bd6 Rxe6 29. Bxc5 Bxc5 30. Nce5 Rc7 31. Rd8+ Re8 32. Rxe8+ Nxe8 33. Rd1
Bd6 34. a3 Rc8 35. b4 Rc3 36. Kb2 Rg3 37. Rd2 Rg5 38. Nc4 Bc7 39. Re2 Nf6 40.
Re7 Rxg2+ 41. Kb3 Rg3+ 42. Ka4 Nd5 43. Rd7 a6 44. b5 Nc3+ 45. Kb4 Nxb5 46. a4
Nc3 47. Ne7+ Kf8 48. Rxc7 b5 49. Nd6 Na2+ 50. Ka5 bxa4 51. Ng6+ 1-0

[Event "Gibtelecom Festival 2010 - Masters"]
[Site "Gibraltar ENG"]
[Date "2010.01.30"]
[Round "5.102"]
[White "Kympergr, Vojtech"]
[Black "Tari, Aryan"]
[Result "0-1"]
[WhiteElo "1599"]
[BlackElo "1932"]
[PlyCount "76"]
[EventDate "2010.01.26"]
[EventType "swiss"]
[EventRounds "10"]
[EventCountry "ENG"]
[Source "lmi"]
[SourceDate "2010.01.26"]

1. e4 c6 2. d4 d5 3. e5 c5 4. Bb5+ Nc6 5. Bxc6+ bxc6 6. dxc5 e6 7. b4 a5 8. c3
Ne7 9. Bg5 Qc7 10. Nf3 Ng6 11. O-O Nxe5 12. Bf4 Nxf3+ 13. Qxf3 e5 14. Re1 f6
15. Bg3 Be6 16. Nd2 Be7 17. Nb3 Qd7 18. Nxa5 O-O 19. Qe3 Rfe8 20. a4 Bd8 21.
Nb3 Qf7 22. Nd2 Bd7 23. a5 Bc7 24. Nf3 h6 25. Qd2 Bg4 26. Qe3 Bxf3 27. Qxf3 f5
28. h3 e4 29. Qd1 f4 30. Bh2 Be5 31. Rc1 Qf6 32. Qb3 f3 33. Bxe5 Rxe5 34. g3
Qe6 35. g4 Rh5 36. Rxe4 Qxe4 37. gxh5 Qh4 38. Kh2 Qxf2+ 0-1

[Event "Gibtelecom Festival 2010 - Masters"]
[Site "Gibraltar ENG"]
[Date "2010.01.30"]
[Round "5.104"]
[White "Johnson, Paul A"]
[Black "Hirneise, Lothar"]
[Result "1-0"]
[WhiteElo "1904"]
[BlackElo "1707"]
[PlyCount "61"]
[EventDate "2010.01.26"]
[EventType "swiss"]
[EventRounds "10"]
[EventCountry "ENG"]
[Source "lmi"]
[SourceDate "2010.01.26"]

1. d4 d5 2. Nf3 Bf5 3. e3 e6 4. c4 c6 5. Nc3 Bd6 6. Bd3 Bxd3 7. Qxd3 Nd7 8. O-O
f5 9. b3 Ngf6 10. Bb2 O-O 11. Rac1 Ne4 12. g3 Qe8 13. Ne2 h6 14. Ne5 Ndf6 15.
f3 Ng5 16. h4 Nf7 17. Ng6 Nh5 18. Nxf8 Qxf8 19. Kg2 Qb8 20. f4 Nf6 21. cxd5
cxd5 22. Rc2 Ne4 23. Rfc1 Qd8 24. Nc3 g5 25. hxg5 hxg5 26. Nxe4 fxe4 27. Qe2
Nh6 28. Qh5 Nf5 29. Qg6+ Kf8 30. Rh1 Nxe3+ 31. Kg1 1-0

[Event "Gibtelecom Festival 2010 - Masters"]
[Site "Gibraltar ENG"]
[Date "2010.01.31"]
[Round "6.5"]
[White "Guliyev, Namig"]
[Black "Fressinet, Laurent"]
[Result "1/2-1/2"]
[WhiteElo "2516"]
[BlackElo "2670"]
[PlyCount "91"]
[EventDate "2010.01.26"]
[EventType "swiss"]
[EventRounds "10"]
[EventCountry "ENG"]
[Source "lmi"]
[SourceDate "2010.01.26"]

1. e4 e5 2. Nf3 Nc6 3. Bb5 a6 4. Ba4 Nf6 5. O-O Be7 6. Re1 b5 7. Bb3 O-O 8. h3
Bb7 9. d3 d5 10. exd5 Nxd5 11. Nxe5 Nd4 12. Nc3 Nxb3 13. axb3 Nb4 14. Bd2 f6
15. Nf3 Bxf3 16. gxf3 f5 17. Nxb5 Rf6 18. Kf1 Rg6 19. Na3 Nc6 20. Nc4 Bf8 21.
Ne5 Nxe5 22. Rxe5 Qh4 23. Ke2 Bd6 24. Re3 Bc5 25. d4 Bxd4 26. Bc3 c5 27. Bxd4
cxd4 28. Ra4 Rd8 29. Re5 Rg2 30. Qf1 Qxh3 31. Ke1 Qxf3 32. Qc4+ Kh8 33. Qe2
Rg1+ 34. Kd2 Qf4+ 35. Kd3 h6 36. Raa5 Qc1 37. Rxa6 Rd1+ 38. Kc4 Rd2 39. Re8+
Kh7 40. Qe6 Rxc2+ 41. Kb4 Rxe8 42. Qg6+ Kh8 43. Qxe8+ Kh7 44. Qg6+ Kh8 45. Qe8+
Kh7 46. Qg6+ 1/2-1/2

[Event "Gibtelecom Festival 2010 - Masters"]
[Site "Gibraltar ENG"]
[Date "2010.01.31"]
[Round "6.6"]
[White "Fridman, Daniel"]
[Black "Malakhatko, Vadim"]
[Result "1/2-1/2"]
[WhiteElo "2654"]
[BlackElo "2549"]
[PlyCount "67"]
[EventDate "2010.01.26"]
[EventType "swiss"]
[EventRounds "10"]
[EventCountry "ENG"]
[Source "lmi"]
[SourceDate "2010.01.26"]

1. d4 d5 2. c4 c6 3. Nc3 Nf6 4. e3 Bf5 5. Nf3 e6 6. Nh4 Bg6 7. Nxg6 hxg6 8. a3
Nbd7 9. g3 Be7 10. b3 Qc7 11. Bg2 O-O 12. O-O Rad8 13. Bb2 Rfe8 14. Rc1 Qb8 15.
f4 dxc4 16. bxc4 e5 17. fxe5 Nxe5 18. Nd5 Neg4 19. Nxf6+ Nxf6 20. Qf3 c5 21.
Kh1 Qc7 22. Rc2 b6 23. Qc6 Rc8 24. d5 Qd8 25. Qa4 Qd7 26. Qxd7 Nxd7 27. Bh3
Rcd8 28. Rcf2 Bf6 29. Bxd7 Rxd7 30. Bxf6 gxf6 31. Rxf6 Rxe3 32. R1f3 Re2 33.
Rf2 Re3 34. R2f3 1/2-1/2